All Jurassic Park Movies - Statistics

General Stats
  • This quiz has been taken 492 times
    172 since last reset
  • The average score is 7 of 7
Answer Stats
Year Movie Neill Dern Goldblum Pratt Howard % Correct
1993 Jurassic Park Yes Yes Yes Unconfirmed
100%
2025 Jurassic World: Rebirth TBD TBD TBD TBD TBD
100%
2015 Jurassic World Unconfirmed Yes Yes
95%
2001 Jurassic Park III Yes Yes
93%
2022 Jurassic World: Dominion Yes Yes Yes Yes Yes
92%
2018 Jurassic World: Fallen Kingdom Yes Yes Yes
92%
1997 The Lost World: Jurassic Park Yes
87%
No matching quizzes found
Score Distribution
Percent of People with Each Score
Percentile by Number Answered
Your Score History
You have not taken this quiz since the last reset